| 000 | 01151cam a2200325 a 4500 | ||
|---|---|---|---|
| 001 | 13915123 | ||
| 003 | OSt | ||
| 005 | 20230626123437.0 | ||
| 008 | 050329s2005 ke a b 000 0 eng | ||
| 010 | _a 2005328220 | ||
| 020 | _a9966948422 | ||
| 020 | _a9966948546 | ||
| 040 |
_aDLC _cDLC _dDLC |
||
| 042 | _alcode | ||
| 043 | _afe----- | ||
| 082 | 0 | 0 |
_a332.64 _bKIB |
| 100 | 1 | _aKibua, T. Nzioki. | |
| 245 | 1 | 0 |
_aProspects for developing a regional bond market in eastern Africa / _cThomas N. Kibua, Muyundo M. Masinde, Monyoncho K. Maina. |
| 260 |
_aNairobi, Kenya : _bInstitute of Policy Analysis and Research, _c2005. |
||
| 300 |
_avii, 54 p. : _bill. ; _c24 cm. |
||
| 490 | 1 |
_aDiscussion paper ; _vno. 063/2005 |
|
| 504 | _aIncludes bibliographical references (p. 40-43). | ||
| 650 | 0 |
_aBond market _zAfrica, Eastern. |
|
| 700 | 1 | _aMasinde, Muyundo. | |
| 700 | 1 | _aMaina, Monyoncho K. | |
| 830 | 0 |
_aDiscussion paper (Institute of Policy Analysis and Research (Kenya)) ; _vno. DP 05/063. |
|
| 906 |
_a7 _bcbc _corigode _d3 _encip _f20 _gy-gencatlg |
||
| 942 |
_2ddc _cBK |
||
| 999 |
_c2711 _d2711 |
||